000 01619nam a22003735i 4500
001 10817971
003 EG-ScBUE
005 20250528113707.0
008 980115s2011 ne a f b 001 0 eng d
020 _a9780750633727
040 _aEG-ScBUE
_beng
_erda
_dEG-ScBUE
_cEG-ScBUE
041 1 _aeng
_hrus
082 0 4 _a530.13
_bLAN
_222
100 1 _aLandau, L. D.
_q(Lev Davidovich),
_d1908-1968,
_938480
_eauthor.
240 1 0 _aStatisticheskai︠a︡ fizika.
_lEnglish
245 1 0 _aStatistical physics.
_npart 1 /
_cL. D. Landau, E. M. Lifshitz, Institute of Physical Problems, U.S.S.R. Academy of Science ; revised by L. P. Pitaevskiĭ ; translated from the Russian by J. B. Sykes and M. J. Kearsley.
250 _aThird, revised and enlarged edition.
264 1 _aAmsterdam :
_bElsevier, Ltd.,
_c2011.
300 _axvii, 544 pages :
_billustrations ;
_c24 cm.
336 _2rdacontent
_atext
_btxt
337 _aunmediated
_2rdamedia
_bn
338 _avolume
_bnc
_2rdacarrier
490 0 _aCourse of theoretical physics ;
_vvolume 5
504 _aIncludes bibliographical references and index.
546 _aText in English ; translated from the original Russian language.
650 7 _aStatistical physics.
_2BUEsh
655 _vReading book
700 1 _aPitaevskiĭ, L. P.
_q(Lev Petrovich),
_erevisor.
700 1 _aLifshit︠s︡, E. M.
_q(Evgeniĭ Mikhaĭlovich),
_938483
_eauthor,
_erevisor.
700 1 _aSykes, J. B.,
_etranslator.
700 1 _aKearsley, M. J.,
_etranslator.
700 1 _aLandau, L. D.
_q(Lev Davidovich),
_d1908-1968.
_tTeoreticheskai︠a︡ fizika (Izd. 3-e).
942 _2ddc
_cBB
999 _c20903
_d20875